-
Miranda J. Mario Fackler L. Paul
Entry Personal Name
Number of records used in: 1
001 - CONTROL NUMBER
003 - CONTROL NUMBER IDENTIFIER
005 - DATE AND TIME OF LATEST TRANSACTION
- control field:
20180226120600.0
008 - FIXED-LENGTH DATA ELEMENTS
- fixed length control field:
180226|| aca||aabn | a|a d
040 ## - CATALOGING SOURCE
- Original cataloging agency:
OSt
- Transcribing agency:
OSt
100 ## - HEADING--PERSONAL NAME
- Personal name:
Miranda J. Mario Fackler L. Paul
670 ## - SOURCE DATA FOUND
- Source citation:
Work cat.: (OSt)343: Miranda J. Mario Fackler L. Paul, Applied Computational Economics & Finance., 2004